Figures du christianisme - Intermédiaire - Statistiques

Statistiques générales
  • Ce quiz a été pris 13 fois
  • Le résultat moyen est 15 sur 20
Statistiques - réponses
Hint Réponse % Correct
Fils d'Adam et Ève, il est le premier meurtrier en tuant son frère Abel Caïn
100%
Disciple qui a renié Jésus trois fois, considéré comme le premier Pape Saint Pierre
100%
Patriarche qui a failli sacrifier son fils Isaac par obéissance Abraham
92%
Moine allemand qui a déclenché la Réforme protestante en 1517 Martin Luther
92%
Disciple bien-aimé de Jésus et auteur du quatrième évangile Saint Jean
92%
L'apôtre "incrédule" qui a refusé de croire à la Résurrection avant de toucher les plaies Saint Thomas
92%
Premier empereur romain à se convertir et à promulguer l'édit de Milan en 313 Constantin Ier
83%
Disciple féminine majeure, elle est le premier témoin de la Résurrection de Jésus Sainte Marie-Madeleine
83%
Cousin de Jésus, il prêchait dans le désert et l'a baptisé dans le Jourdain Saint Jean le Baptiste
83%
Archange majeur, chef des armées célestes qui terrasse le dragon ou Satan Saint Michel
83%
Juge d'Israël dont la force surhumaine résidait dans ses cheveux Samson
83%
Grand théologien protestant français du XVIe siècle qui a dirigé la Réforme à Genève Jean Calvin
67%
Premier persécuteur des chrétiens à l'échelle de l'Empire romain Néron
67%
Saint italien du XIIIe siècle, fondateur de l'ordre des Franciscains et ami des animaux Saint François d'Assise
67%
Prophète avalé par un grand poisson après avoir fui la ville de Ninive Jonas
58%
Prêtre français du XVIIe siècle, célèbre pour son immense charité envers les pauvres et les orphelins Saint Vincent de Paul
58%
Martyr du IVe siècle célèbre pour avoir terrassé un dragon Saint Georges
50%
Apôtre des Gentils, converti sur le chemin de Damas et auteur de nombreuses Épîtres Saint Paul de Tarse
50%
Espagnol du XVIe siècle, fondateur de la Compagnie de Jésus (les Jésuites) Saint Ignace de Loyola
42%
Prêtre italien du XIXe siècle, voué à l'éducation des enfants pauvres Saint Jean Bosco
25%
Aucun quiz correspondant
Distribution des résultats
% des personnes avec chaque résultat
Percentile par nombre de réponses
Votre historique - résultats
Vous n’avez pas pris ce quiz